Club qui ont gagné la Ligue des Champions : mort subite - Statistiques

Statistiques générales
  • Ce quiz a été pris 1 764 fois
    166 depuis la dernière actualisation
  • Le résultat moyen est 17 sur 24
Answers on the Grid
Answers color-coded by a green-red scale on the quiz's grid according to % correct below.
Paris Saint Germain
Real Madrid
Atletico Madrid
Arsenal
Olympique de Marseille
Bayern Munich
West Ham United
FC Barcelone
Ajax Amsterdam
Tottenham Hotspur
Liverpool FC
Inter Milan
Malmö
Manchester United
Milan AC
Olympique Lyonnais
Juventus FC
Olympiakos
AS Saint-Étienne
SL Benfica
Newcastle United
Chelsea FC
Nottingham Forest
CSKA Moscou
FC Porto
Borussia Dortmund
Rangers
Celtic Glasgow
Hambourg SV
Schalke 04
Steaua Bucarest
Manchester City
FC Copenhague
Feyenoord Rotterdam
Girondins de Bordeaux
Aston Villa
PSV Eindhoven
Sparta Prague
Etoile Rouge de Belgrade
 
Statistiques - réponses
Réponse % Correct
Paris Saint Germain
100%
Real Madrid
98%
Olympique de Marseille
88%
Bayern Munich
87%
FC Barcelone
85%
Ajax Amsterdam
82%
Milan AC
82%
Inter Milan
81%
Manchester United
81%
Liverpool FC
80%
Juventus FC
78%
Chelsea FC
75%
Manchester City
68%
Nottingham Forest
68%
FC Porto
66%
SL Benfica
66%
Etoile Rouge de Belgrade
62%
Borussia Dortmund
61%
Aston Villa
54%
Celtic Glasgow
52%
PSV Eindhoven
50%
Steaua Bucarest
49%
Hambourg SV
45%
Feyenoord Rotterdam
44%
Aucun quiz correspondant
Distribution des résultats
% des personnes avec chaque résultat
Percentile par nombre de réponses
Votre historique - résultats
Vous n’avez pas pris ce quiz depuis la dernière actualisation